[Event "Capablanca Memorial Elite 46th"]
[Site "Havana"]
[Date "2011.05.14"]
[Round "4"]
[White "Navara, David"]
[Black "Le, Quang Liem"]
[Result "1/2-1/2"]
[WhiteElo "2702"]
[BlackElo "2687"]
[Annotator "Kritz,L"]
[PlyCount "128"]
[EventDate "2011.05.11"]
[EventType "tourn"]
[EventRounds "10"]
[EventCountry "CUB"]
[EventCategory "19"]
[SourceTitle "CBM 143"]
[Source "ChessBase"]
[SourceDate "2011.07.15"]
[SourceVersion "1"]
[SourceVersionDate "2011.07.15"]
[SourceQuality "1"]

1. e4 c5 2. Nf3 d6 3. d4 cxd4 4. Nxd4 Nf6 5. Nc3 a6 {Die Najdorf-Variante ist
heutzutage eine der populärsten Eröffnungen überhaupt.} 6. Be3 e5 7. Nb3 {
Heute wird immer öfter das ruhigere 7.Nf3 gespielt.} (7. Nf3 Be7 8. Bc4 O-O 9.
O-O Be6 10. Bb3 Nc6 11. Qe2 Na5 12. Rfd1 Qc7 13. Bg5 Rac8 $132 {Kamsky -
Gelfand (Kazan, 2011)}) 7... Be6 8. Qd2 (8. f3 h5 9. Qd2 Nbd7 {->8.Qd2}) 8...
Nbd7 (8... Ng4 $2 9. Bg5 Be7 10. Bxe7 Qxe7 11. f3 Nf6 12. O-O-O $16) 9. f3 h5 {
Die Idee dieses Zuges ist es, den weißen Vorstoß g4-g5 aufzuhalten. Der Preis,
den Schwarz dafür zahlt, ist die Schwächung des Königsflügels, so dass, falls
Schwarz später rochieren will, sich sein König unangenehm fühlen wird. Schwarz
hat viele alternative Spielweisen, die alle zu sehr langen theoretischen
Varianten führen.} (9... b5 10. O-O-O h5 11. Kb1 Rc8 12. g3 Nb6 13. Bxb6 Qxb6
14. Nd5 Bxd5 15. exd5 g6 16. Bh3 Bh6 $132 {Nepomniachtchi - Grischuk (Wijk aan
Zee, 2011)}) (9... Be7 10. g4 h6 11. O-O-O b5 12. Kb1 Nb6 13. Qf2 Rb8 14. h4
Qc7 15. Rg1 $36 {Karjakin - Gashimov (Turin, 2006)}) (9... Nb6 10. O-O-O Be7
11. Qf2 Nfd7 12. f4 $36 {Shirov - Ivanchuk (Monte Carlo, 1999)}) 10. O-O-O Be7
{Auch hier hat Schwarz eine Auswahl.} (10... Rc8 11. Kb1 Be7 12. Nd5 Bxd5 13.
exd5 Nb6 14. Bxb6 Qxb6 15. g3 O-O 16. Bh3 Ra8 17. Rhe1 $14 {Shirov - Svidler 
(Linares, 1998)}) (10... Qc7 11. Kb1 Be7 12. g3 Rc8 13. Nd5 Nxd5 14. exd5 Bf5
15. Bd3 Bxd3 16. Qxd3 Qc4 17. Qd2 O-O 18. Rhg1 f5 $132 {Karjakin - Gelfand 
(Moscow, 2010)}) 11. h3 b5 12. Kb1 Qc7 (12... h4 13. Bd3 Qc7 14. f4 $132 {
Akopian - Gelfand (Yerevan, 2008)}) 13. Bd3 (13. f4 Nb6 14. Bxb6 Qxb6 15. Bd3
h4 16. Rhe1 Bd7 17. Nd5 Nxd5 18. exd5 Bf6 19. c3 Kf8 $15 {und Weiß hatte wenig
erreicht in Van der Weide - Van Wely (Netherlands, 2007)}) 13... b4 14. Nd5 $1
{Man muss den Bauern geben, sonst steht man einfach schlecht.} (14. Ne2 a5 15.
f4 a4 16. Nbc1 a3 17. b3 Nc5 18. Qxb4 O-O $44) 14... Nxd5 {Das Nehmen mit dem
Läufer ist schlechter.} (14... Bxd5 15. exd5 Nxd5 16. Bg5 (16. Be4 Nxe3 17.
Qxe3 Rd8 $17) 16... Bxg5 17. Qxg5 N5f6 18. Qxg7 Rg8 19. Qh6 Rxg2 20. Rhg1 Rxg1
21. Rxg1 $44) 15. exd5 Bxd5 16. Bg5 (16. Qxb4 a5 17. Qa4 Bc6 18. Bb5 Bxb5 19.
Qxb5 a4 20. Nd2 O-O $17 {Schwarz will Rfb8 spielen, mit vielen Drohungen gegen
den weißen König.}) 16... a5 (16... Bxg5 17. Qxg5 O-O $5 18. Qxh5 (18. Bh7+ $2
Kxh7 19. Qxh5+ Kg8 20. Rxd5 Nf6 $19) 18... Nf6 19. Qh4 a5 20. g4 $40) 17. Rhe1
(17. Bxe7 Kxe7 18. Qg5+ Kf8 $17 {Der schwarze König fühlt sich sicher im
Zentrum.}) 17... Be6 18. Bxe7 Kxe7 19. f4 $1 {Man muss die Linien öffnen.} (19.
Be4 {Es ist nicht im Sinne von Weiß, die e-Linie zu schliessen.} Rab8 $17)
19... Nf6 {Fehlentscheidung, stärker wäre 19....a4.} (19... a4 $5 20. Nc1 (20.
Nd4 exd4 21. f5 Qc5 22. fxe6 (22. Qg5+ $4 Kf8 $19) 22... fxe6 23. Be4 Rab8 $17)
(20. fxe5 axb3 21. Qg5+ Kf8 22. exd6 bxc2+ 23. Bxc2 Qa7 24. Qe7+ Kg8 $19) 20...
Rab8 21. fxe5 dxe5 22. Qg5+ Kf8 23. Rf1 a3 $17) 20. fxe5 dxe5 21. Qg5 {Nun
wird die schwarze Stellung doch noch gefährdet.} a4 22. Rxe5 $1 {Sehr stark
gespielt!} (22. Nd4 $2 exd4 23. Rxe6+ Kxe6 $19) (22. Nd2 Ra5 $15) 22... axb3 {
Schwarz hat keine Wahl.} 23. Rxe6+ Kxe6 (23... fxe6 24. Qxg7+ Kd6 25. Bb5+ Nd5
26. Rxd5+ exd5 27. Qg3+ Kc5 28. Qxc7+ Kxb5 29. cxb3 $18) 24. Qe3+ Kd7 25. cxb3
$3 {Weiß hat einen Turm weniger und trotzdem kann er sich solche Züge erlauben.
Nun wird die offene c-Linie eine Rolle spielen.} (25. Bf5+ Kc6 26. Be4+ Nxe4
27. Qxe4+ Kb5 28. Rd5+ Ka6 29. Qd3+ Kb7 30. Rd7 bxa2+ 31. Ka1 Rhe8 32. Qb5+ Kc8
33. Rxc7+ Kxc7 34. Qxb4 $11) (25. Bb5+ Kc8 $19) (25. Ba6+ Kc6 26. cxb3 Rxa6 27.
Rc1+ Kd7 28. Rxc7+ Kxc7 $19) 25... Qa7 26. Ba6+ $2 {Weiß konnte die Partie
gleich entscheiden.} (26. Bf5+ Kc6 27. Rc1+ Kd5 (27... Kb5 28. Bd3+ Ka5 29.
Qe5+ Kb6 30. Qb5#) (27... Kb7 28. Qe7+ Ka6 29. Bd3+ Ka5 30. Qe5+ Kb6 31. Qb5#)
28. Qd3+ Qd4 (28... Ke5 29. Re1+ Kf4 30. g3+ Kg5 31. h4+ Kh6 32. Qd2+ g5 33.
Qxg5#) 29. Qxd4+ (29. Qf3+ Ke5 30. Re1+ Kd6 31. Rd1 $18)) 26... Kc6 27. Qf3+
Kb6 28. Rd6+ Kc7 29. Qc6+ Kb8 30. Rd4 Nd5 {Alle Züge sind so weit die besten
für beide Seiten gewesen. Auch hier muss Weiß mit der Dame nehmen.} 31. Qxd5 (
31. Rxd5 Qg1+ 32. Kc2 Qxg2+ 33. Kc1 Qh1+ 34. Kd2 Qxd5+ 35. Qxd5 Rxa6 $14) 31...
Qb6 32. Qe5+ Ka7 33. Qe7+ Kxa6 34. Rd6 {Schwarz darf den Bauern b4 nicht
verlieren, daher muss er den Turm auf b8 stellen, um auf b6 mit dem Turm zu
schlagen.} Rab8 35. Rxb6+ Rxb6 36. Qxf7 g6 37. Qc4+ Kb7 {Nun ist die Frage, ob
man die schwarze Festung knacken kann. Das Problem ist, dass, wenn Weiß a3
zieht, Schwarz nicht nimmt, sondern Weiß auf b4 schlagen lässt, denn die drei
Bauern auf der b-Linie sind viel schwächer als das Paar a3-b3. Nach vielen
Versuchen gelingt es Weiß nicht, seinen Vorteil zu verwerten.} 38. Qd5+ Ka6 39.
Qd3+ Ka7 40. a4 {Richtige Entscheidung - früher oder später würde man den
Bauern sowieso nach vorne bringen.} Rhb8 41. Qd4 Ka6 42. Qc4+ Ka7 43. Qc5 Ka6
44. Kc2 {Ohne die Hilfe des Königs wird es nichts.} R8b7 45. Kd3 Rb8 46. Qc4+ (
46. Kc4 R8b7 47. Qc8 Ka7 48. Kc5 Rf6 49. g4 hxg4 50. hxg4 Rf2 51. Kd5 Rf6 $13 {
und Weiß hat immer noch keinen Forschritt gemacht.}) 46... Ka7 47. Ke4 Ra6 48.
Kf4 (48. Qc5+ Ka8 49. Kf4 Rb7 50. Kg5 {->48.Kf4}) 48... Rb7 49. Qc5+ Ka8 50.
Kg5 Kb8 51. Kh6 Ka8 52. g4 (52. a5 Rf6 53. Qd4 Rc6 {- wieder keine Möglichkeit
zum Durchbrechen.}) 52... hxg4 53. hxg4 Kb8 54. Qd5 Ka8 55. Qd8+ Ka7 56. g5 Rb8
57. Qd4+ Ka8 {Weiß kann seine Stellung nicht weiter verbessern. Nun muss er
nur zwei Möglichkeiten berechnen: das Nehmen auf g6 in einer guten Redaktion,
und den Zug Qf6.} 58. Qd5+ (58. Qf6 Rxf6 59. gxf6 Kb7 60. Kxg6 Kc7 61. f7 Kd7
62. Kg7 Ke7 $19 {Schwarz schafft es gerade rechtzeitig.}) 58... Rb7 59. a5 (59.
Qe4 Kb8 60. Qe8+ Ka7 61. Qxg6 Rxg6+ 62. Kxg6 Kb6 63. Kf6 (63. Kh6 Rb8 64. g6
Rh8+ 65. Kg5 Rh2 66. g7 Rg2+ 67. Kf6 Rf2+ 68. Ke7 Rg2 $11) 63... Rc7 {Die
einfachste Spielweise.} 64. g6 Rc2 65. g7 Rf2+ 66. Ke7 Rg2 $11) 59... Ka7 60.
Qd8 Rb8 61. Qd4+ Ka8 62. Qd7 Rb7 63. Qc8+ Ka7 64. Qa8+ Kxa8 1/2-1/2

[Event "ISR-ch U18"]
[Site "Israel"]
[Date "1999.07.18"]
[Round "7"]
[White "Bitensky, Igor"]
[Black "Kundin, Alexander"]
[Result "1/2-1/2"]
[WhiteElo "2314"]
[BlackElo "2403"]
[Annotator "Kundin/Alterman"]
[PlyCount "109"]
[EventDate "1999.07.??"]
[EventType "tourn"]
[EventRounds "9"]
[EventCountry "ISR"]
[SourceTitle "CBM 072"]
[Source "ChessBase"]
[SourceDate "1999.10.01"]
[SourceVersion "1"]
[SourceVersionDate "1999.10.01"]
[SourceQuality "1"]

1. e4 c5 2. Nc3 a6 3. Nf3 d6 4. d4 cxd4 5. Nxd4 Nf6 6. Be3 Ng4 7. Bg5 h6 8. Bc1
$5 {White loses a tempi, but tries to exploit the h6 move to his favor by
playing h4-g4-g5 later.} Nc6 9. Be2 Nf6 (9... Qb6 $6 10. Bxg4 Qxd4 (10... Bxg4
11. Qxg4 $14) 11. Nd5 $1 Qxe4+ (11... Qxd1+ 12. Bxd1 $14) 12. Be2 Nb4 13. Nc7+
Kd8 14. Nxa8 Nxc2+ 15. Kf1 Nxa1 16. Be3 $36) 10. Be3 e5 (10... e6 {Was also
possible, transfering the game to Rauser with h6}) 11. Nb3 (11. Nf3 $6 Be7 12.
O-O O-O {And now black really has earned a tempi, since he usually playes h6
in this line.}) 11... Be7 12. Qd2 O-O 13. O-O-O a5 $5 (13... b5 {Was another
possibility of attaining counterplay.} 14. f3 Na5 {/\Nc4} 15. Nxa5 Qxa5 16. Kb1
{/\Nd5} (16. Nd5 Qxd2+ 17. Rxd2 Nxd5 18. Rxd5 (18. exd5 Bg5 $11) 18... Be6 19.
Rd2 Rfc8 $11) 16... Qc7 (16... b4 $6 {Now the weakened flank will be under
pressure in the endgame.} 17. Nd5 Nxd5 18. Qxd5 Qxd5 19. Rxd5 Bb7 20. Ra5 $14)
17. g4 Be6 (17... b4 18. Nd5 Nxd5 19. exd5 $14) 18. h4 b4 19. Nd5 Bxd5 20. exd5
Rfc8 $13) 14. a4 (14. Kb1 $6 {White should avoid the a5-a4 move.} a4 15. Nc1
Be6 {/\Ra5,d5}) 14... Be6 15. f4 (15. f3 $6 Nb4 $15 {/\d5}) 15... Qc8 (15...
exf4 $6 16. Bxf4 Ne5 17. Nd4 $14 {[%csl Rb5,Rd5,Re6,Rf5]}) 16. Kb1 (16. f5 $6 {
Though a possible threat, now it is premature.} Bxb3 17. cxb3 Nb4 18. Kb1 (18.
Bc4 Qc6 $1 $15) 18... d5 19. exd5 Qxf5+ 20. Bd3 Nxd3 21. Qxd3 Qxd3+ 22. Rxd3 e4
{/\Bb4 =/=/+}) 16... Nb4 (16... exf4 17. Bxf4 Bxb3 18. cxb3 Qe6 19. Bc4 Nxe4
20. Qd3 Nxc3+ 21. bxc3 $44 {White has superb compensation for the pawn.}) 17.
Rhf1 exf4 {I felt black could no longer hold the pressure in the centre. The
constant threat of f5 and inability to improve black rooks' position forces
the exchange.} (17... Rd8 $2 18. Bb6) (17... Re8 18. Bb5) 18. Bxf4 $6 {Better
was to take with the rook with a complicated position.} (18. Rxf4 d5 19. exd5 (
19. e5 Nd7 {[%csl Ge5][%cal Ge7g5]}) 19... Nfxd5 20. Nxd5 Nxd5 21. Rc4 Qb8 $1
$13 {[%cal Gd5e3,Gb8h2]} 22. Bg1 $6 b5 $1 $40) 18... Bxb3 19. cxb3 Qe6 {
[%cal Ge6e4,Ge6b3]} 20. Bc4 (20. Bxd6 $2 Bxd6 21. Qxd6 Qxb3 $17) 20... Nxe4 21.
Qe2 Nxc3+ 22. bxc3 d5 (22... Qg6+ $6 23. Kb2 $44) 23. Qxe6 $138 fxe6 $138 24.
Be2 (24. cxb4 $2 dxc4 $17) 24... Nc6 25. Bg4 $15 {The two strong white bishops
and the weaknesses in black's camp make that position difficult to win.} Rf6
26. Bg3 Kf7 27. Bh4 $6 (27. Rfe1 $1 $44 {[%cal Gg4e6,Gg3d6,Gd1d8,Ge1e8] It was
essential to keep both rooks in addition to the bishops pair in order to exert
substantial pressure on the black central pawns. Once a pair of rook is
swapped, the black king feels much more comfortable in the centre, and the
further advance of the pawns is much easier.}) 27... Rxf1 28. Rxf1+ Bf6 $17 29.
Bg3 $138 Rd8 $6 $138 (29... Ke7 30. Re1 e5 31. Kc2 Rd8 $17) 30. Bc7 Rc8 31. Bb6
Re8 32. Be2 Ke7 33. Rc1 $6 (33. Kc2 Kd7 34. Bb5 Bd8 $15) 33... Kd6 34. Bb5 Bd8
35. Bf2 Rf8 36. Bg3+ Kd7 37. Rd1 Bc7 $19 {Finally, black has consolidated his
position, and achieved a technically won endgame.} 38. Be1 Bxh2 39. c4 Kd6 40.
cxd5 exd5 41. Bxc6 bxc6 (41... Kxc6 $6 {Gives extra chances as the pawn on d5
will be weak.}) 42. Bxa5 Rf2 $6 (42... Be5 $1 $19 {Centralisation of the
bishop was necessary prior to rook invasion. Controlling the open f-file,
having the dangerous d pawn and possessing the potential possibility of
creating another passed pawn on the kingside probably should suffice for a
victory. It seems that white hasn't sufficient defence against the following
plan: d4,Kd5,c5,h5,g5 etc.}) 43. Rd2 (43. Bb6 $2 Rxg2 44. a5 Be5 45. a6 Rb2+
46. Kc1 Ra2 47. a7 c5 {/\Kc6} 48. Rf1 (48. b4 cxb4 $19 {/\Kc6,d4}) 48... Kc6
49. Rf8 Kxb6 50. a8=Q Rxa8 51. Rxa8 c4 $19) 43... Rf1+ (43... Rxd2 44. Bxd2 $17
{Long analysis of this endgame lead me to the conclusion that white has
serious drawing chances due to the "a" pawn and the wrong colored bishop that
cannot help the "h" pawn.}) 44. Kc2 c5 45. b4 $1 c4 $6 {A series of
inacuraccies, as well as fine defence by white deprives black from victory.} (
45... Bf4 46. Re2 (46. bxc5+ Kxc5 47. Re2 Kc4 $19) 46... g5 $1 {/\h5-h4-h3} 47.
bxc5+ Kxc5 $19 {The domination will bring victory to black although only few
pawns are left on the board.}) 46. Bb6 $1 (46. b5 $2 {The move I hoped for.}
Kc5 $19 47. Bc3 Bf4 48. Bd4+ Kb4 49. Bc3+ Ka3 $1 50. Rxd5 Rc1#) 46... Bf4 47.
Bc5+ Kc6 48. Re2 Bd6 $2 (48... Ra1 {The last chance to win.} 49. Re6+ Kd7 50.
Re7+ Kd8 51. Rf7 $1 g5 52. Rf5 $17 {Black retains some winning chances.}) 49.
Re6 Rf6 50. Rxf6 gxf6 51. Bxd6 Kxd6 {[%tqu "En","","","","g2g4","",10,"a4a5",
"",0]} 52. g4 $1 (52. a5 $2 f5 53. a6 Kc6 54. b5+ Kb6 55. g3 $8 (55. Kc3 $2 f4
56. Kd4 h5 57. Kc3 h4 58. Kd4 f3 $19) 55... d4 56. Kd2 h5 57. Kc2 f4 58. gxf4
h4 59. f5 h3 60. f6 h2 61. f7 h1=Q 62. f8=Q Qe4+ $19) 52... d4 (52... f5 53.
gxf5 h5 54. a5 h4 55. a6 h3 56. a7 h2 57. a8=Q h1=Q 58. Qb8+ $11) 53. a5 Kc6
54. a6 Kb6 55. b5 1/2-1/2

[Event "Montecatini Terme op"]
[Site "Montecatini Terme"]
[Date "1997.08.08"]
[Round "8"]
[White "Belotti, Bruno"]
[Black "Lalic, Bogdan"]
[Result "1-0"]
[WhiteElo "2410"]
[BlackElo "2600"]
[Annotator "Lalic,B"]
[PlyCount "83"]
[EventDate "1997.11.??"]
[EventType "swiss"]
[EventRounds "9"]
[EventCountry "ITA"]
[SourceTitle "EXT 1999"]
[Source "ChessBase"]
[SourceDate "1998.11.16"]
[SourceVersion "1"]
[SourceVersionDate "1998.11.16"]
[SourceQuality "1"]

{ } 1. e4 c5 2. Nf3 d6 3. d4 cxd4 4. Nxd4 Nf6 5. Nc3 a6 6. a4 Nc6 7. Be2 g6 8.
Be3 Bg7 9. O-O O-O 10. Kh1 $6 d5 $1 11. Nxc6 bxc6 12. e5 Nd7 13. f4 e6 14. a5
c5 15. Na4 Qc7 16. Qd2 $1 Rb8 $2 (16... Bb7 17. c3 f6 18. exf6 Bxf6) 17. Nxc5
$1 Rxb2 (17... Nxc5 18. Qc3) 18. Rfc1 $1 Rb8 (18... Nxc5 19. Qc3 f6 $6 20. Qxb2
fxe5 21. Qb6 Qxb6 22. axb6 d4 23. Bd2 $18) 19. Nxd7 Bxd7 (19... Qxd7 20. c4 $1)
20. Bxa6 f6 21. c4 $1 fxe5 22. cxd5 Qd8 23. Bc4 Bb5 24. Bb6 Qd7 25. Bxb5 Qxb5
26. dxe6 exf4 27. Rab1 Qf5 28. e7 Rfe8 29. Qa2+ Qf7 30. Qxf7+ Kxf7 31. Bd8 Ra8
32. Rc4 g5 33. h4 h6 34. Rb7 Bf6 35. Re4 Kg6 36. Kh2 Kf5 37. Rc4 Kg4 38. Rc6
Bxe7 39. Bxe7 Rxa5 40. Rxh6 Ra2 41. Rb5 $1 Rg8 42. Bxg5 1-0

[Event "Belgrade Investbank"]
[Site "Belgrade"]
[Date "1995.??.??"]
[Round "4"]
[White "Topalov, Veselin"]
[Black "Lautier, Joel"]
[Result "0-1"]
[WhiteElo "2670"]
[BlackElo "2645"]
[Annotator "Lautier,J"]
[PlyCount "176"]
[EventDate "1995.11.??"]
[EventType "tourn"]
[EventRounds "11"]
[EventCountry "YUG"]
[EventCategory "17"]
[SourceTitle "CBM 051"]
[Source "ChessBase"]
[SourceDate "1996.04.01"]
[SourceVersion "1"]
[SourceVersionDate "1996.04.01"]
[SourceQuality "1"]

1. e4 c5 2. Nf3 d6 3. d4 cxd4 4. Nxd4 Nf6 5. Nc3 a6 6. Be3 e5 7. Nb3 Be6 8. f3
Nbd7 9. g4 h6 10. Qd2 Be7 11. O-O-O b5 12. Kb1 Nb6 13. Qf2 $5 $146 (13. Bxb6 {
Lanka,Z - Piesina,G, Vilnius (zt) 1993 - 57/(255)}) 13... Rb8 $1 (13... Nc4 14.
Bxc4 bxc4 15. Nc5 Qc7 (15... Qa5 $4 16. Nxe6 fxe6 17. Bb6 Qb4 18. a3 $18) 16.
Nxe6 (16. N5a4 $5) 16... fxe6 17. h4 $14) 14. Nc5 $6 (14. h4 $13) 14... b4 $1
15. N3a4 (15. Nxa6 $2 bxc3 16. Nxb8 Qxb8 17. Bxb6 Bd8 18. Bb5+ Nd7 19. Bxd8
Qxb5 20. b3 Kxd8 21. Rxd6 Ke7 $19 {->}) 15... Nxa4 16. Nxa4 Qc7 17. b3 (17. Nb6
$6 Qc6 {/\ Bd8} 18. b3 d5 19. exd5 Nxd5 20. Nxd5 Bxd5 $17) 17... d5 18. exd5
Nxd5 19. Bc1 (19. Bxa6 $2 O-O $19 {/\ Nc3, Qa5, Ra8->}) 19... Nc3+ (19... O-O
$142 20. Bc4 (20. Bd3 $6 Nc3+ 21. Nxc3 bxc3 22. f4 a5 23. f5 (23. g5 hxg5 24.
fxg5 a4 25. Qh4 g6 26. Qh6 (26. Qxa4 Ra8 27. Qh4 Qa5 28. a4 Rfb8 $19) 26...
axb3 27. cxb3 Bxb3 28. axb3 Rxb3+ 29. Kc2 Qb6 $19) 23... Bd5 24. Rhg1 a4 25. g5
axb3 26. cxb3 Bxb3 27. axb3 Rxb3+ 28. Kc2 Qb7 $19) (20. h4 $6 Nc3+ 21. Nxc3
bxc3 22. f4 (22. g5 h5 $17) 22... Bxg4 23. Be2 Bxe2 24. Qxe2 exf4 $17) (20. Rg1
$6 Nc3+ 21. Nxc3 bxc3 $17 {/\ Bc5}) 20... Rfd8 (20... Nc3+ 21. Nxc3 Bxc4 22.
Nd5 (22. Ne4 Be6 23. h4 f5 24. gxf5 Bxf5 25. Qg2 Rb6 26. h5 a5 27. Rhg1 Rf7 $15
) 22... Bxd5) 21. h4 Nc3+ 22. Nxc3 Bxc4 23. Ne4 Be6 $15) 20. Nxc3 bxc3 21. f4
$1 a5 (21... exf4 $2 22. Bxf4 Qa5 23. Qa7 $1 $16) (21... Bxg4 $6 22. Re1 $1 {
/\ Rg1->} (22. Be2 Bxe2 23. Qxe2 O-O (23... exf4 $2 24. Rhe1 Rb7 25. Ba3 $18)
24. fxe5 $13)) 22. f5 Bd7 23. Bd3 (23. h4 $1) 23... a4 (23... Bg5 $1 24. Ba3
Be7 25. Bc1 $10 (25. Bxe7 Kxe7 26. Rhe1 f6 $13)) 24. Qe2 (24. h4 $1 $36) 24...
Bg5 $1 25. Rhe1 $2 (25. Ba3) (25. Ba3 Be7 $10) 25... f6 26. Ba3 Qa5 27. Bd6 Rc8
$2 (27... Rb6 $1 28. b4 $8 (28. Bc7 Qc5 $1 29. Bxb6 Qa3 $19) 28... Rxb4+ 29.
Ka1 Rd4 30. Ba3 $17) 28. a3 $5 axb3 29. cxb3 Bd2 30. Bc2 Bb5 31. Qf3 $6 (31.
Qe4 Bc6 32. Qc4 Qd5 $15) 31... Bc6 32. Qh3 {/\ Qd5} Bd5 $1 33. Bb4 Qc7 {
/\ Rb8, Rb4!} 34. Re2 Kf7 35. Qh5+ Kg8 36. Rdxd2 cxd2 37. Rxd2 Qc6 38. Kb2 Bf7
39. Qh3 h5 $2 $138 (39... Kh7 $1 40. g5 fxg5 41. f6+ Bg6 $1 $17) 40. g5 $1 fxg5
41. Qe3 g4 42. Bc3 $2 (42. Qxe5 Rh6 43. Bc3 Rf6 44. Qe3 Rd6 45. Qe5 $10) 42...
Re8 $1 43. Be4 $6 (43. Bxe5 Qb5 44. Re2 Rh6 $15) 43... Qb5 44. Bb4 Rh6 45. Qc5
Qf1 46. Rf2 Qd1 47. Bc2 Qh1 48. Qe3 Rc8 $1 {/\ Rhc6->} 49. Bc3 Rhc6 50. Bxe5
Re8 51. Qd4 Qe1 52. Bf4 (52. Bxg7 $2 Re2 $1 53. Qd8+ Kxg7 54. f6+ Kh6 55. Qf8+
Kg5 56. Qg7+ Kh4 $19) (52. Bg3 Re3 $1 $40) 52... Rec8 53. Rd2 Rc3 $17 54. Be5
Rf3 55. Bg3 (55. Bxg7 $2 Rxb3+ $1 56. Bxb3 Qc1+ 57. Ka2 Rc2+ 58. Rxc2 Qxc2+ 59.
Qb2 (59. Ka1 Qxb3 60. Qb2 Qd1+ $19) 59... Bxb3+ 60. Ka1 Qd1+ $19) 55... Qf1 56.
Bd1 Rxf5 57. Qd7 Re8 58. Bc2 Rf3 59. Bd3 Qg1 60. Bc4 Qe3 $1 61. Bxf7+ Rxf7 62.
Qd5 Re6 $6 (62... Qf3 $1 63. a4 (63. Qxh5 Re2 $1 $19) 63... Qxd5 64. Rxd5 Re2+
65. Ka3 h4 66. Bxh4 Rxh2 $19) 63. a4 $6 (63. Rc2 $1 $132) 63... Rf5 64. Qd8+
Kh7 65. Rc2 Qe4 66. Qd7 Rd5 67. Qf7 Qd4+ 68. Ka3 Rf6 69. Qc7 Rf3 (69... Rf1
$142 $19) 70. Qc6 $8 Qd1 (70... Qa1+ 71. Ra2 Rxb3+ 72. Kxb3 Qb1+ (72... Rd3+ $4
73. Kc4 (73. Kc2 $4 Qd1+ 74. Kb2 Rb3#) 73... Qc3+ (73... Rc3+ 74. Kb4 $18) 74.
Kb5 Qb3+ 75. Ka6 Qxa2 76. Qe4+ $18) 73. Rb2 Rd3+ 74. Kc4 Qc1+ 75. Kxd3 Qxc6 $19
) 71. Qc4 Rd4 72. Qc6 $8 (72. Qc5 Qa1+ 73. Ra2 Rxa4+ $19) 72... Rdd3 $2 $138 (
72... Qa1+ 73. Ra2 Rxb3+ 74. Kxb3 Qb1+ 75. Rb2 (75. Kc3 Qd3+ 76. Kb2 Rb4+ $19)
75... Rd3+ 76. Kc4 Qc1+ $19) 73. Qe4+ Kg8 74. Rc8+ $6 (74. Qe6+ Rf7 $8 75. Rc8+
Rd8 $17) 74... Rd8 75. Qe6+ Kh8 76. Rxd8+ Qxd8 77. Be5 Qf8+ $1 78. Bd6 Rf6 $1
$19 79. Bxf8 Rxe6 80. Bc5 h4 81. Bf2 g3 82. Bxg3 hxg3 83. hxg3 Rg6 84. a5 Rxg3
85. Ka4 Rg1 86. b4 g5 87. b5 g4 88. b6 Rb1 0-1